Detalles MARC
| 000 -LEADER |
| fixed length control field |
01508nam a2200361 a 4500 |
| 005 - FECHA ULTIMA MODIFICACION |
| control field |
20240805112326.0 |
| 008 - CAMPO DE CONTROL (LIBRO) |
| fixed length control field |
100806t1999||||ag a f |||| 001 0 spa d |
| 020 ## - INTERNATIONAL STANDARD BOOK NUMBER |
| ISBN |
9874313714 |
| 041 ## - CODIGO DE IDIOMA |
| Código de idioma del texto/pista de sonido o título separado |
spa |
| 092 ## - SIGNATURA TOPOGRAFICA DEWEY LOCAL |
| número de clasificación |
616 |
| libristica |
47 |
| sección |
LAS |
| 100 1# - ENTRADA PRINCIPAL--NOMBRE PERSONAL |
| Nombre personal |
Lasala, Fernando G. |
| 9 (RLIN) |
900 |
| 245 6# - TITULO PROPIAMENTE DICHO |
| Título |
De la Semiología a la Clínica. |
| Subtítulo y Título paralelo |
Fasc. 3 de la semiología del aparato digestivo a la clínica. Primera parte: el tubo digestivo / |
| Mención de responsabilidad y remanente de la transcripción de la portada |
Fernando G. Lasala |
| 250 ## - MENCION DE EDICION |
| Mención de edición |
1a ed. |
| 260 ## - PIE DE IMPRENTA |
| Lugar de publicación, distribución, etc |
Buenos Aires: |
| Nombre de la editorial, distribuidor, etc |
S/E; |
| Fecha de publicación |
1999. |
| 300 ## - DESCRIPCION FISICA |
| Extension |
114 p. |
| Otros detalles físicos |
il. |
| 500 ## - NOTA GENERAL |
| Nota general |
Lasala, F. G. y Gennaro, O. (1999). De la Semiología a la Clínica. Fasc. 3 de la semiología del aparato digestivo a la clínica. Primera parte: el tubo digestivo. (1a ed.). Buenos Aires : S/E |
| 653 3# - TÉRMINO INDIZADO - PALABRAS CLAVES |
| Palabra clave |
La exploración del abdomen |
| 653 ## - TÉRMINO INDIZADO - PALABRAS CLAVES |
| Palabra clave |
Semiología del esófago. Síndromes esofágicos |
| 653 ## - TÉRMINO INDIZADO - PALABRAS CLAVES |
| Palabra clave |
Semiología y síndromes gastroduodenales |
| 653 ## - TÉRMINO INDIZADO - PALABRAS CLAVES |
| Palabra clave |
Sindrome de hemorragia digestiva |
| 653 ## - TÉRMINO INDIZADO - PALABRAS CLAVES |
| Palabra clave |
Dolor abdominal |
| 653 3# - TÉRMINO INDIZADO - PALABRAS CLAVES |
| Palabra clave |
El paciente con dolor abdominal agudo |
| 653 ## - TÉRMINO INDIZADO - PALABRAS CLAVES |
| Palabra clave |
Motivos de consulta en enfermedades de intestino delgado y grueso |
| 653 3# - TÉRMINO INDIZADO - PALABRAS CLAVES |
| Palabra clave |
El paciente con diarrea |
| 653 ## - TÉRMINO INDIZADO - PALABRAS CLAVES |
| Palabra clave |
Síndrome de malabsorción |
| 653 ## - TÉRMINO INDIZADO - PALABRAS CLAVES |
| Palabra clave |
Sindrome de obstrucción intestinal o íleo |
| 653 ## - TÉRMINO INDIZADO - PALABRAS CLAVES |
| Palabra clave |
Estreñimiento o constipación |
| 653 ## - TÉRMINO INDIZADO - PALABRAS CLAVES |
| Palabra clave |
Semiología y síndromes recto-anales |
| 653 4# - TÉRMINO INDIZADO - PALABRAS CLAVES |
| Palabra clave |
Los Síndromes funcionales |
| 653 ## - TÉRMINO INDIZADO - PALABRAS CLAVES |
| Palabra clave |
Detección de cáncer de colón |
| 700 1# - ENTRADAS SECUNDARIAS - NOMBRE PERSONAL |
| Nombre personal |
Gennaro, Orlando |
| 9 (RLIN) |
3769 |
| 942 ## - ADDED ENTRY ELEMENTS (KOHA) |
| Source of classification or shelving scheme |
Dewey Decimal Classification |
| Item type |
Libros |